00751nam a2200229Ii 45000010005000000030009000050080041000140200015000550400033000700410008001030840012001111000024001232450038001472640039001853000012002243360026002363370028002623380027002909400050003179990017003679520137003849471CO-ViMGA241108s9999||||xx |||||||||||||| ||und|| a8420431036 aCO-ViMGAbspaerdacCO-ViMGA0 aspa aC GAR171 aJohn Gardner94864710aDragón,dragón y otros cuentos 1aMadrid, España : Alfaguara, 1987 avolumen atextbtxt2rdacontent aunmediatedbn2rdamedia avolumebnc2rdacarrier aidficha_siabuc: 9261. -- ficha_no_siabuc:9471 c43289d43289 001040708InfPoTiaMEVIGERRbMEVIGERRcSInfd2006-11-27oC GAR17pECA9955r2024-11-26 09:07:13tEj.1w2024-11-26yBKz9261 | 12776